Szczegóły MARC21

Zestaw testów szkoleniowych : kwestionariusze, komentarze i interpretacja wyników /

005 -DATA I CZAS OSTATNIEJ MODYFIKACJI [,]
    • @
    • pole kontrolne
    • 20070315155141.9
020 -Międzynarod. znormalizowany nr książki - ISBN [ , ]
    • a
    • Numer ISBN
    • 8388597698 Find
040 -Instytucja sporządzająca opis [ , ]
    • a
    • Instytucja, która sporządziła opis (NP)
    • SZCZ U
    • c
    • Instytucja, która sporządziła rekord (NP)
    • SZCZ U
041 -Język dokumentu [1, ]
    • a
    • Język tekstu (P)
    • polski
    • h
    • Język tekstu oryginalnego i/lub pośredniego (P)
    • angielski
942 -Rodzaj dokumentu [ , ]
    • c
    • Rodzaj dokumentu
    • Książka
100 -Hasło główne - nazwa osobowa [ , ]
    • a
    • Nazwa osobowa (NP)
    • BURN, BONNIE
245 -Strefa tytułu i oznaczenia odpowiedzialności [1, ]
    • a
    • Tytuł
    • Zestaw testów szkoleniowych : Find
    • b
    • Ciąg dalszy tytułu (NP)
    • kwestionariusze, komentarze i interpretacja wyników / Find
    • c
    • Pozostałe elementy strefy tytułu i oznaczenia odpowiedzialności (NP)
    • Bonnie Burn, Maggi Payment.
260 -Strefa adresu wydawniczego [ , ]
    • a
    • Miejsce wydania (P)
    • Kraków :
    • b
    • Nazwa wydawcy (P)
    • Ofic.Ekonomiczna,
    • c
    • Data wydania (P)
    • 2002.
300 -Strefa opisu fizycznego [ , ]
    • a
    • Określenie formy książki i/lub objętość (NP)
    • 368 s. :
    • c
    • Format (NP)
    • 32 cm +
    • e
    • Oznaczenie dokumentu towarzyszącego (NP)
    • CD-ROM.
490 -Strefa serii i książki wielotomowej - forma nie do wyszukiwania [0, ]
    • a
    • Tytuł (P)
    • (Szkolenia) Find
500 -Uwaga ogólna [ , ]
    • a
    • Uwaga ogólna (NP)
    • Przekł. z jęz. ang
080 -Uniwersalna Klasyfikacja Dziesiętna [ , ]
    • a
    • Symbol klasyfikacji
    • 658.1/.5.01
080 -Uniwersalna Klasyfikacja Dziesiętna [ , ]
    • a
    • Symbol klasyfikacji
    • :159.9.072
980 -Symbol UKD [ , ]
    • a
    • UKD
    • 658.1/.5.01:159.9.072
700 -Hasło dodatkowe - nazwa osobowa [ , ]
    • a
    • Nazwa osobowa (NP)
    • Payment Maggi Find
920 -ISBN [ , ]
    • a
    • ISBN
    • 83-88597-69-8 Find
Data inwentaryzacji Lokalizacja Status udost. Numer inwentarzowy
2003-03-07T-2TM.629